| Tag |
First Indicator |
Second Indicator |
Subfields |
| LEADER |
00000cam a2200000Ia 4500 |
| 001 |
in00002295713 |
| 005 |
20190326192810.0 |
| 006 |
m | d | |
| 007 |
cr |n||||||||n |
| 008 |
890125s1836 enk s 000 0 eng d |
| 040 |
|
|
|a NYG
|c GKR
|d OCL
|d Thomson Gale
|d UtOrBLW
|
| 043 |
|
|
|a e-uk---
|
| 110 |
2 |
|
|a Manchester and Salford Bank.
|
| 245 |
1 |
0 |
|a Deed of settlement of the Manchester and Salford Bank, established fifteenth of August, 1836, under the authority of an act of Parliament, passed in the 7th year of the reign of ... George the Fourth :
|b with an abstract of the act.
|
| 264 |
|
1 |
|a [England] :
|b [publisher not identified],
|c 1836
|
| 264 |
|
3 |
|a Manchester :
|b J. Harrison
|
| 300 |
|
|
|a ix, 66 pages
|
| 336 |
|
|
|a text
|b txt
|2 rdacontent
|
| 337 |
|
|
|a computer
|b c
|2 rdamedia
|
| 338 |
|
|
|a online resource
|b cr
|2 rdacarrier
|
| 500 |
|
|
|a Includes side-notes.
|
| 500 |
|
|
|a Reproduction of original from Goldsmiths' Library, University of London.
|
| 500 |
|
|
|a Goldsmiths'-Kress number 29504.
|
| 510 |
4 |
|
|a OCLC,
|c 19060160
|
| 533 |
|
|
|a Electronic reproduction.
|b Farmington Hills, Mich. :
|c Thomson Gale,
|d 2005.
|f (The making of the modern world).
|n Available via the World Wide Web.
|n Access limited to licensing agreements.
|7 s2005 miunns
|
| 500 |
|
|
|a Electronic resource.
|
| 610 |
2 |
0 |
|a Manchester and Salford Bank.
|
| 650 |
|
0 |
|a Banks and banking
|z Great Britain.
|
| 655 |
|
0 |
|a Electronic books.
|
| 830 |
|
0 |
|a Making of the modern world (Goldsmiths'-Kress Library of Economic Literature)
|
| 856 |
4 |
0 |
|u http://proxy.library.tamu.edu/login?url=http://galenet.galegroup.com/servlet/MOME?af=RN&ae=U105485442&srchtp=a&ste=14&locID=txshracd2898
|z Connect to the full text of this electronic book
|t 0
|
| 999 |
|
|
|a MARS
|
| 999 |
f |
f |
|s 42c0eb2b-7670-312c-aec5-75da28543769
|i 4fcd1ee0-6bc9-364e-9376-c80189595fab
|t 0
|
| 952 |
f |
f |
|a Texas A&M University
|b College Station
|c Electronic Resources
|d Available Online
|t 0
|h No information provided
|
| 998 |
f |
f |
|t 0
|l Available Online
|